| Tag |
First Indicator |
Second Indicator |
Subfields |
| LEADER |
00000cam a2200000Ia 4500 |
| 001 |
in00002562002 |
| 005 |
20151201154211.0 |
| 007 |
hd bfv---baap |
| 007 |
he amv---bacp |
| 008 |
980109q18001899enka b 000 1 eng d |
| 035 |
|
|
|a (OCoLC)ocm38175160
|
| 037 |
|
|
|a CL0021000021
|b ProQuest Information and Learning, 300 N. Zeeb Rd., Ann Arbor, MI 48106-1346
|
| 040 |
|
|
|a OPP
|c OPP
|d UtOrBLW
|
| 049 |
|
|
|a OPPA
|
| 090 |
|
|
|a PZ5
|b .O67 1990 no.021:316.
|
| 245 |
0 |
0 |
|a Cock Robin's picture book.
|
| 264 |
|
1 |
|a [London] :
|b Routledge,
|c [between 1800 and 1899]
|
| 300 |
|
|
|a 1 volume (various pagings) :
|b illustrations
|
| 336 |
|
|
|a text
|b txt
|2 rdacontent
|
| 337 |
|
|
|a microform
|b h
|2 rdamedia
|
| 338 |
|
|
|a microfiche
|b he
|2 rdacarrier
|
| 500 |
|
|
|a Cover title; title page lacking.
|
| 505 |
0 |
|
|a The robin -- The house that Jack built -- My mother -- More nursery rhymes -- The dogs' dinner party -- The cats' tea party.
|
| 510 |
4 |
|
|a Opie
|c M 787
|
| 533 |
|
|
|a Microfiche.
|b Ann Arbor, Mich.
|c UMI,
|d 1996.
|e 2 microfiche.
|f (Opie collection of children's literature ; 021:316).
|7 s1996 miun b
|
| 500 |
|
|
|a Microform.
|
| 650 |
|
0 |
|a Children's literature.
|
| 740 |
0 |
2 |
|a Robin.
|
| 740 |
0 |
2 |
|a House that Jack built.
|
| 700 |
1 |
|
|a Taylor, Ann,
|d 1782-1866.
|t My mother.
|
| 740 |
0 |
2 |
|a More nursery rhymes.
|
| 740 |
0 |
2 |
|a Dogs' dinner party.
|
| 740 |
0 |
2 |
|a Cats' tea party.
|
| 830 |
|
0 |
|a Opie collection of children's literature ;
|v 021:316.
|
| 999 |
|
|
|a MARS
|
| 999 |
f |
f |
|s eb80be72-3d1f-3aec-aa8f-a2508f6ec613
|i 414c7586-aceb-3602-a1be-9c5ad6fffd6f
|t 0
|
| 952 |
f |
f |
|a Texas A&M University
|b College Station
|c Sterling C. Evans Library
|d Evans: Microforms Fiche (3rd floor)
|t 0
|e PZ5 .O67 1990 no.021:316.
|h Library of Congress classification
|
| 998 |
f |
f |
|a PZ5 .O67 1990 no.021:316.
|t 0
|l Evans: Microforms Fiche (3rd floor)
|